[Event "Kragero Resort A 2020"]
[Site "Kragero"]
[Date "2020.02.21"]
[Round "5.1"]
[White "Miedema, David"]
[Black "Gharibyan, Mamikon"]
[Result "0-1"]
[WhiteElo "2368"]
[BlackElo "2405"]
[Annotator "ChessBase"]
[PlyCount "78"]
[EventDate "2020.02.19"]
[EventType "swiss"]
[EventCountry "NOR"]
[SourceTitle "playchess.com"]
[Source "ChessBase"]
[SourceQuality "1"]
[TimeControl "5400+30"]

1. d4 {[%emt 0:04:48]} Nf6 {[%emt 0:00:00]} 2. Nf3 {[%emt 0:00:06]} e6 {[%emt 0:01:55]} 3. Bf4 {[%emt 0:00:34]} b6 {[%emt 0:01:34]} 4. h3 {[%emt 0:00:38]} Bb7 {[%emt 0:00:51]} 5. e3 {[%emt 0:01:13]} d5 {[%emt 0:26:09]} 6. Nbd2 {[%emt 0:00:23]} Bd6 {[%emt 0:01:59]} 7. Ne5 {[%emt 0:02:02]} O-O {[%emt 0:03:10]} 8. Bd3 {[%emt 0:00:44]} Ne4 {[%emt 0:01:50]} 9. Bxe4 {[%emt 0:02:23]} dxe4 {[%emt 0:00:16]} 10. Qg4 {[%emt 0:01:01]} Qe7 {[%emt 0:03:32]} 11. Bg3 {[%emt 0:06:12]} Nd7 {[%emt 0:03:18]} 12. Bh4 {[%emt 0:00:40]} f6 {[%emt 0:03:22]} 13. Nec4 {[%emt 0:01:56]} Qf7 {[%emt 0:02:03]} 14. Nxe4 {[%emt 0:04:45]} Be7 {[%emt 0:06:16]} 15. Nc3 {[%emt 0:01:57]} h5 {[%emt 0:07:16]} 16. Qg3 {[%emt 0:03:53]} e5 {[%emt 0:02:02]} 17. Nd2 {[%emt 0:01:36]} exd4 {[%emt 0:04:51]} 18. Nb5 {[%emt 0:03:15]} dxe3 {[%emt 0:01:13]} 19. fxe3 {[%emt 0:00:02]} Ne5 {[%emt 0:07:35]} 20. O-O {[%emt 0:00:53]} Ba6 {[%emt 0:06:57]} 21. Nxc7 {[%emt 0:04:44]} Bxf1 {[%emt 0:00:57]} 22. Nxa8 {[%emt 0:00:04]} Bb5 {[%emt 0:02:35]} 23. Nc7 {[%emt 0:00:52]} Bc6 {[%emt 0:00:04]} 24. a4 {[%emt 0:01:27]} Bd6 {[%emt 0:05:34]} 25. Nb5 {[%emt 0:00:41]} Nf3+ {[%emt 0:00:11]} 26. Qxf3 {[%emt 0:01:03]} Bxf3 {[%emt 0:00:04]} 27. Nxd6 {[%emt 0:00:04]} Qd5 {[%emt 0:00:13]} 28. Nxf3 {[%emt 0:02:21]} Qxd6 {[%emt 0:00:04]} 29. Nd4 {[%emt 0:00:07]} Qd5 {[%emt 0:00:38]} 30. Rf1 {[%emt 0:00:24]} Re8 {[%emt 0:00:27]} 31. Bf2 {[%emt 0:00:51]} Qe4 {[%emt 0:00:24]} 32. Rd1 {[%emt 0:00:36]} Re5 {[%emt 0:00:20]} 33. Kh2 {[%emt 0:01:23]} Rg5 {[%emt 0:01:24]} 34. Nf3 {[%emt 0:02:06]} Ra5 {[%emt 0:00:22]} 35. Rd8+ {[%emt 0:00:20]} Kh7 {[%emt 0:00:22]} 36. Rd4 {[%emt 0:00:57]} Qxc2 {[%emt 0:00:12]} 37. Be1 {[%emt 0:00:03]} Rxa4 {[%emt 0:00:19]} 38. b4 {[%emt 0:00:44]} Qe2 {[%emt 0:01:07]} 39. Re4 {[%emt 0:00:48]} Ra2 {[%emt 0:00:15]} 0-1

[Event "Kragero Resort A 2020"]
[Site "Kragero"]
[Date "2020.02.21"]
[Round "5.2"]
[White "Gretarsson, Helgi Ass"]
[Black "Chatalbashev, Boris"]
[Result "0-1"]
[WhiteElo "2403"]
[BlackElo "2514"]
[Annotator "TA"]
[PlyCount "74"]
[EventDate "2020.02.19"]
[EventType "swiss"]
[EventCountry "NOR"]
[SourceTitle "playchess.com"]
[Source "ChessBase"]
[SourceQuality "1"]

{[%evp 12,74,1,-20,-15,-34,-30,-24,-16,-21,-30,-30,-32,-29,-19,-25,-12,-52,-39,-87,-25,-46,-20,-34,-8,-47,-47,-52,-70,-73,-67,-66,-21,-32,-19,-37,-13,-56,-43,-99,-100,-106,0,0,0,-12,-16,-67,-35,-39,-38,-47,-32,-29,-33,-29,-22,-37,-19,-18,-18,-17,-8,-8,-6]} 1. c4 c5 2. Nc3 g6 3. g3 Bg7 4. Bg2 Nc6 5. Nf3 e6 6. a3 Nge7 7. Rb1 {was the old line (7.b4).} d5 {A37: Symmetrical English vs ...g6: 4 Bg2 Bg7 5 Nf3.} 8. cxd5 exd5 9. d3 O-O {Black has an edge.} 10. O-O b6 11. Bg5 h6 12. Bxe7 Nxe7 13. d4 {[#]} Bg4 $146 ({Predecessor:} 13... Be6 14. Rc1 Rc8 15. e3 Nf5 16. Qa4 cxd4 17. exd4 Rc4 18. Qxa7 Nxd4 19. Rfd1 Nxf3+ 20. Bxf3 {0-1 (29) Ristic,N (2420)-Kovacevic,A (2515) Vrnjacka Banja 1998}) 14. dxc5 bxc5 15. Ne1 {[%cal Rc3d5]} Rb8 (15... d4 $17 16. Bxa8 Qxa8) 16. Nxd5 $11 Nxd5 ({Don't play} 16... Bxb2 $6 17. Rxb2 $1 {[%mdl 512]} Rxb2 18. Nf6+ Kg7 19. Qa1 $14) (16... Re8 $5 {[%cal Re7d5]} 17. h3 Bc8 $15) 17. Bxd5 Bxb2 18. Nc2 Bh3 19. Re1 Qf6 20. Qd3 Rfd8 $36 {[%mdl 2048] Black has good play.} 21. e4 {[#]} c4 $1 {[%mdl 512]} 22. Qe3 {[%mdl 64] Double Attack} (22. Qxc4 Rbc8) 22... h5 23. Qxa7 Rb3 {Strongly threatening ...Qf3!} 24. Bxc4 Qf3 {[%csl Gh3][%cal Rf3g2]} 25. Bf1 Bxf1 26. Rxf1 {[#]} h4 ({Black should play} 26... Rd2 $1 $17 {[%cal Rd2c2]} 27. Ne3 h4 28. gxh4 Qxe4) 27. Qa5 Rc8 28. Ne1 Qxe4 29. Rd1 (29. Ng2 $1 $11) 29... hxg3 (29... Bd4 $5 {[%cal Rh4g3]} 30. Qg5 hxg3 31. hxg3 Bb6 $17) 30. hxg3 {[#]} Bd4 $1 {[%mdl 512] ( -> ...Rxg3+)} 31. Qg5 $1 Bb6 {Hoping for ...Rcc3.} 32. Qf4 Qxf4 33. gxf4 Rxa3 34. Rd3 Ra2 35. Rf3 {The position is equal.} Kg7 36. Nd3 Bd4 37. Kg2 Rd2 {[%mdl 32768] Accuracy: White = 84%, Black = 73%. . Loss on time!?} 0-1

[Event "Kragero Resort A 2020"]
[Site "Kragero"]
[Date "2020.02.21"]
[Round "5.3"]
[White "Postny, Evgeny"]
[Black "Haldorsen, Benjamin"]
[Result "1/2-1/2"]
[WhiteElo "2611"]
[BlackElo "2462"]
[Annotator "TA"]
[PlyCount "194"]
[EventDate "2020.02.19"]
[EventType "swiss"]
[EventCountry "NOR"]
[SourceTitle "playchess.com"]
[Source "ChessBase"]
[SourceQuality "1"]

{[%evp 24,194,22,16,24,-145,-152,-139,-150,-153,-140,-144,-159,-130,-156,-154,-152,-150,-168,-174,-171,-185,-105,-116,-116,-107,-97,-93,-98,-203,-118,-103,-110,-98,-103,-106,-72,-76,-51,-86,-64,-66,-74,-71,-54,-49,-35,-36,-35,-41,-36,-43,-42,-89,-89,-89,-89,-85,-87,-110,-9,-12,0,-113,-103,-103,-46,-81,-81,-81,-81,-86,-81,-81,-85,-89,-93,-98,-90,-107,-50,-64,-29,-33,-31,-30,-38,-31,-39,-35,-8,-8,-8,-8,-8,-8,-8,-8,-8,-8,-8,-8,-8,-8,-8,-8,-8,-8,0,-8,-8,-8,-8,-8,-8,-8,-8,-8,-8,-8,-8,-8,-8,-8,-8,-8,-8,-8,-8,-8,0,-8,-8,-8,-8,-8,-8,-8,-8,-8,-8,-8,-8,-8,-8,-8,-8,-8,-8,-8,-8,-8,-8,-8,0,0,0,-8,0,0,0,0,0,0,0,-8,0,0,0,0,0,-8,-8]} 1. d4 Nf6 2. c4 c5 3. d5 e6 4. Nc3 exd5 5. cxd5 d6 6. Nf3 g6 7. Nd2 Bg7 8. e4 O-O 9. Be2 Na6 10. O-O Ne8 11. Nc4 f5 12. exf5 Bxf5 13. Bf4 Rb8 {[#] A73: Modern Benoni: Classical: Unusual Black 9th moves.} 14. Nb5 $146 ({White should try} 14. Bg3 $11) ({Predecessor:} 14. Qd2 b5 15. Bg5 Nf6 16. Ne3 Bd7 {½-½ (16) Sutter,O (2336)-Kurmann,O (2412) Switzerland 2014}) 14... Bd7 $1 $17 {[%csl LRb5,LRf4][%mdl 64] Discovered Attack} 15. Bxd6 Bxb5 {Black is clearly better.} 16. Bxf8 Kxf8 17. Ne3 Bxe2 18. Qxe2 Nd6 19. Rae1 Nc7 20. f4 Bd4 21. Kh1 Qh4 22. f5 Kg8 ({Black should play} 22... g5 $19 {And now ...Ne4 would win.} 23. Qf3 Re8) 23. fxg6 hxg6 24. Qf3 Bg7 25. g3 Qd4 $1 26. Qg4 (26. Rd1 $17 Rf8 27. Qxf8+ Bxf8 28. Rxd4 cxd4 29. Nc2) 26... Qxg4 (26... Re8 $1 $19 {[%cal Re8e3]} 27. Qg5 Qd2) 27. Nxg4 Rf8 (27... Bxb2 $6 28. Re7 $11) 28. Rxf8+ Kxf8 29. b3 b5 30. Kg2 Kf7 31. Kf3 c4 (31... Nxd5 $6 32. Ne5+ Bxe5 33. Rxe5 $11) 32. bxc4 bxc4 33. Ne3 c3 34. Ke2 Na6 35. Rf1+ Ke7 36. Nc2 Nc5 37. Rb1 Nf5 38. Rb4 Kd6 39. Rg4 {[#]} Ne7 $1 40. h4 Bh6 41. Rd4 Nf5 ({Much worse is} 41... Nxd5 $6 42. Nb4 $11) (41... Bd2 $17 42. Na3 Ke5) 42. Rg4 $11 Ne7 ({Better is} 42... Bd2 $11) 43. Rd4 $17 a5 ({Don't play} 43... Nxd5 $6 44. Nb4 $11) 44. g4 Bd2 (44... Nxd5 $17 45. h5 Bg7) 45. Na3 Ke5 ({Reject} 45... Nxd5 $6 46. Nc4+ Ke6 47. Nxd2 $11) 46. d6 {[#]} Nc6 $1 {[%cal Rc6d4]} 47. Rc4 Kxd6 48. h5 gxh5 49. gxh5 Kd5 {aiming for ...Nd4+.} 50. h6 Bxh6 51. Rxc3 Nb4 (51... Ne4 $17 {( -> ...Nd4+)} 52. Rh3 Nd4+ 53. Kf1 Bc1 54. Rh5+ Bg5) 52. Rh3 Bc1 53. Rh5+ Kc6 54. Nc4 a4 55. Kd1 Bf4 56. Nb2 Nxa2 {[#] Hoping for ...a3.} (56... Nd5 {looks sharper.} 57. Kc2 Bg3 58. Rh6+ Kb5 59. Rh5 Nb4+) 57. Rxc5+ $1 {[%mdl 576] Remove Defender. The position is equal.} Kxc5 58. Nxa4+ Kb4 59. Nb2 Kc3 60. Na4+ Kb3 61. Nc5+ Kc4 62. Ne6 Bh6 63. Ke2 Kd5 64. Nc7+ Kc6 65. Ne6 Kd5 66. Nc7+ Ke4 67. Nb5 Nc1+ 68. Kf2 Be3+ 69. Kg3 Bf4+ 70. Kg4 Be5 71. Kg5 Ne2 72. Kg6 $1 Nf4+ 73. Kg5 Kd5 74. Nc3+ Kd4 75. Kf5 Ng2 76. Ke6 Nf4+ 77. Kf5 Nh5 {...Ng7+ is the strong threat.} 78. Ne2+ Kd5 79. Kg5 Ng7 80. Nf4+ Ke4 81. Ng6 $1 Ne6+ 82. Kg4 Bd4 83. Nh4 Nf8 84. Nf3 Bf6 85. Ng5+ Ke5 86. Nf3+ Ke6 87. Ng5+ Kd5 88. Kf5 Bc3 89. Ne4 Be5 90. Nf6+ Kd4 91. Ng4 Bg3 92. Nf6 Bh4 93. Ne4 Nd7 94. Ng5 Bg3 (94... Bxg5 $5 95. Kxg5 $11) 95. Kg4 Bd6 96. Kf5 Kd5 97. Ne6 Nb6 {White happily takes the draw. Accuracy: White = 89%, Black = 85%.} 1/2-1/2

[Event "Kragero Resort A 2020"]
[Site "Kragero"]
[Date "2020.02.21"]
[Round "5.4"]
[White "Lie, Kjetil A."]
[Black "Vestby-Ellingsen, Mads"]
[Result "1-0"]
[WhiteElo "2523"]
[BlackElo "2357"]
[Annotator "TA"]
[PlyCount "107"]
[EventDate "2020.02.19"]
[EventType "swiss"]
[EventCountry "NOR"]
[SourceTitle "playchess.com"]
[Source "ChessBase"]
[SourceQuality "1"]

{[%evp 9,107,-8,0,0,1,9,14,0,12,16,16,0,0,-2,34,34,25,34,40,39,42,46,39,41,50,31,45,41,43,29,24,24,41,17,16,15,20,26,19,16,24,14,18,20,15,7,12,19,283,358,280,230,258,259,231,214,193,216,193,208,253,203,260,260,260,245,221,186,286,302,343,347,312,302,397,359,393,362,497,470,611,600,717,697,748,723,627,487,450,346,343,0,376,0,339,339,439,414,1856,1689]} 1. Nf3 c5 2. e4 e6 3. b3 b6 4. Bd3 Bb7 5. O-O Nc6 6. Re1 {B40: Sicilian: 2...e6, Unusual lines.} Be7 7. Bb2 f6 8. Bf1 {The position is equal.} Nh6 9. c3 f5 10. e5 Nf7 11. d4 cxd4 12. cxd4 Nb4 13. Nc3 Nd5 14. Nxd5 Bxd5 15. Bc4 Bxc4 16. bxc4 O-O 17. Rc1 Qc8 18. Qa4 Qb7 19. Ba3 Bxa3 20. Qxa3 Rfc8 21. Rc3 b5 22. cxb5 Rxc3 23. Qxc3 Qxb5 24. Rc1 h6 25. h3 a5 {[%cal Ba7a5,Ba5a4,Ba4a3][%mdl 32]} 26. Kh2 a4 27. Qc7 {Threatening Rc5.} a3 28. Rc5 Qb2 $2 {[%mdl 8192] White stays focused until the end.} (28... Qa4 $11 {and Black is okay.}) 29. Qxd7 $18 {Threatens to win with Rc7.} Qxa2 30. Rc7 Rf8 31. Ra7 Qc4 32. Rxa3 Qc8 33. Qxc8 Rxc8 {[%mdl 4096] Endgame KRN-KRN} 34. Ra6 Re8 35. Nd2 Ng5 36. h4 Nh7 37. Nb3 Nf8 38. h5 Rb8 (38... Kf7 {keeps fighting.} 39. Kg3 Rd8) 39. Nc5 Rb4 40. Ra8 ({Not} 40. Nxe6 Nxe6 41. Rxe6 Rxd4 $16) 40... Kf7 41. Kg3 Rc4 42. Kf3 Rc3+ 43. Ke2 Rc1 44. Ra7+ Ke8 45. Rxg7 Rh1 46. g4 {[%mdl 64] [#] Overworked Piece} fxg4 47. Ne4 Nd7 48. Nd6+ Kd8 49. Nf7+ Ke8 50. Nd6+ Kd8 51. Nf7+ Ke8 $1 {intending ...Kf8.} 52. Nxh6 Rxh5 53. Nxg4 Rh1 {[#]} (53... Rf5 $142 54. Ke3 Nb6 55. Nf6+ Kf8) 54. d5 $1 {Accuracy: White = 90%, Black = 61%.} 1-0

[Event "Kragero Resort A 2020"]
[Site "Kragero"]
[Date "2020.02.21"]
[Round "5.6"]
[White "Abdrlauf, Elham"]
[Black "Hauge, Lars Oskar"]
[Result "1/2-1/2"]
[WhiteElo "2381"]
[BlackElo "2472"]
[Annotator "TA"]
[PlyCount "71"]
[EventDate "2020.02.19"]
[EventType "swiss"]
[EventCountry "NOR"]
[SourceTitle "playchess.com"]
[Source "ChessBase"]
[SourceQuality "1"]

{[%evp 9,71,-17,0,0,0,-6,0,0,0,0,0,0,0,0,0,0,0,0,32,11,42,34,38,25,64,59,56,50,57,-10,0,0,22,10,10,9,8,9,9,0,20,-14,-13,-18,-16,-15,-5,-6,-3,-7,-7,-8,0,0,0,0,0,0,0,0,0,0,0,0]} 1. e4 e5 2. Nc3 Nf6 3. Bc4 Bc5 4. d3 O-O 5. f4 exf4 6. Bxf4 {C27: Vienna Game: 2...Nf6 3 Bc4 Nxe4.} c6 7. d4 Bb4 8. e5 d5 9. Bd3 Ne4 10. Bxe4 {[#] Black must now prevent Bd3.} Bxc3+ $146 ({Predecessor:} 10... dxe4 11. Nge2 c5 12. d5 Bg4 13. O-O Bxc3 14. bxc3 Nd7 15. Rb1 Nb6 16. d6 f6 {0-1 (48) Saptorshi,G (2136)-Ter Sahakyan,S (2547) Taleigao 2018}) 11. bxc3 {Threatens to win with Bd3.} dxe4 12. Ne2 Be6 13. O-O c5 14. Ng3 Nc6 {[%cal Rc5d4]} 15. Be3 f5 16. exf6 Rxf6 17. Rxf6 Qxf6 18. Nxe4 Qg6 19. Ng3 (19. Nxc5 $14 Bd5 20. Qd2) 19... Rd8 {The position is equal.} 20. Qd2 Bd5 21. a3 Na5 22. Qd3 Qxd3 23. cxd3 cxd4 24. cxd4 Re8 25. Bd2 Nb3 26. Re1 Rxe1+ 27. Bxe1 Nxd4 $11 {[%mdl 4096] Endgame KBN-KBN} 28. Bf2 Nc6 29. Ne2 Kf7 30. Nc3 Ke6 31. Nb5 a6 32. Nc7+ Ke5 33. Bg3+ Kd4 34. Bf2+ Ke5 35. Bg3+ Kd4 36. Bf2+ {Accuracy: White = 88%, Black = 88%.} 1/2-1/2

[Event "Kragero Resort A 2020"]
[Site "Kragero"]
[Date "2020.02.21"]
[Round "5.7"]
[White "Holm, Kristian Stuvik"]
[Black "Nordquelle, Daniel"]
[Result "1-0"]
[WhiteElo "2467"]
[BlackElo "2242"]
[Annotator "TA"]
[PlyCount "67"]
[EventDate "2020.02.19"]
[EventType "swiss"]
[EventCountry "NOR"]
[SourceTitle "playchess.com"]
[Source "ChessBase"]
[SourceQuality "1"]

{[%evp 13,67,15,18,0,2,-9,-12,-5,-8,0,0,0,0,0,60,52,73,60,52,58,111,111,111,111,111,112,103,109,102,106,103,108,122,120,122,122,125,121,91,91,101,93,166,171,179,170,213,185,189,179,216,188,256,245,502,484]} 1. c4 e6 2. g3 d5 3. Bg2 Nf6 4. Nf3 dxc4 5. Qa4+ Nbd7 6. Qxc4 a6 7. Qb3 Rb8 8. d4 {A13: English Opening: 1...e6.} b5 9. Ne5 Nxe5 10. dxe5 {The position is equal.} Nd7 11. O-O Nxe5 12. Rd1 Bd6 13. Bf4 {[#] And now Bxe5 would win.} Bd7 $146 (13... Qe7 $11) ({Predecessor:} 13... Qe7 14. Bxe5 Bxe5 15. Bc6+ Kf8 16. Nd2 g6 17. Qe3 Bf6 18. Ne4 Rb6 19. Nxf6 Qxf6 {½-½ (72) Ding,L (2805)-Karjakin,S (2750) Saint Louis 2019}) 14. Nd2 $36 {[%mdl 2048] White has good play.} Qe7 15. Qc3 f6 16. Ne4 Nf7 (16... b4 $14 17. Qd4 Kf7) 17. Bxd6 $16 cxd6 18. Qc7 Rc8 19. Nxd6+ Nxd6 20. Qxd6 Qxd6 21. Rxd6 {Strongly threatening Rad1.} Ke7 22. Rxa6 Rc2 23. Rd1 Rhc8 {[#]} 24. Be4 $1 {[%cal Re4c2]} Rc1 25. Rxc1 Rxc1+ {[%mdl 4096] Endgame KRB-KRB} 26. Kg2 f5 27. Bd3 Rc5 (27... g5 $16 {was called for.}) 28. f4 $18 h6 29. Kf2 e5 {With the idea ...e4.} 30. fxe5 Rxe5 31. Rb6 Kf7 32. a3 g6 (32... Kf8 $142 33. Kf3 Rd5) 33. h4 Kg7 $2 (33... Be8 {keeps fighting.} 34. g4 h5 35. gxf5 gxf5) 34. Rb7 {Accuracy: White = 100%, Black = 52%.} 1-0

[Event "Kragero Resort A 2020"]
[Site "Kragero"]
[Date "2020.02.21"]
[Round "5.8"]
[White "Mirzoev, Emil"]
[Black "Shehzad, Shazil"]
[Result "1-0"]
[WhiteElo "2452"]
[BlackElo "2144"]
[Annotator "ChessBase"]
[PlyCount "51"]
[EventDate "2020.02.19"]
[EventType "swiss"]
[EventCountry "NOR"]
[SourceTitle "playchess.com"]
[Source "ChessBase"]
[SourceQuality "1"]
[TimeControl "5400+30"]

1. c4 {[%emt 0:00:42]} e5 {[%emt 0:00:00]} 2. Nc3 {[%emt 0:00:30]} Nf6 {[%emt 0:00:00]} 3. Nf3 {[%emt 0:00:04]} Nc6 {[%emt 0:00:05]} 4. e4 {[%emt 0:00:05]} Bb4 {[%emt 0:03:33]} 5. d3 {[%emt 0:00:08]} d6 {[%emt 0:01:21]} 6. a3 {[%emt 0:00:07]} Bxc3+ {[%emt 0:00:21]} 7. bxc3 {[%emt 0:00:12]} h6 {[%emt 0:01:32]} 8. g3 {[%emt 0:00:10]} a6 {[%emt 0:01:29]} 9. a4 {[%emt 0:00:14]} b6 {[%emt 0:01:40]} 10. Bg2 {[%emt 0:00:46]} Be6 {[%emt 0:01:14]} 11. O-O {[%emt 0:03:14]} Qc8 {[%emt 0:03:21]} 12. Nh4 {[%emt 0:00:24]} Bh3 {[%emt 0:03:32]} 13. Nf5 {[%emt 0:02:44]} Bxg2 {[%emt 0:00:47]} 14. Kxg2 {[%emt 0:00:02]} Ne7 {[%emt 0:05:07]} 15. Nxg7+ {[%emt 0:01:13]} Kf8 {[%emt 0:00:15]} 16. Nh5 {[%emt 0:00:12]} Nxh5 {[%emt 0:06:06]} 17. Qxh5 {[%emt 0:00:25]} Qe6 {[%emt 0:00:22]} 18. f4 {[%emt 0:00:05]} Qg6 {[%emt 0:02:20]} 19. Qh4 {[%emt 0:01:14]} h5 {[%emt 0:02:14]} 20. fxe5 {[%emt 0:00:44]} dxe5 {[%emt 0:00:47]} 21. Ba3 {[%emt 0:00:10]} Re8 {[%emt 0:00:53]} 22. Rf6 {[%emt 0:00:56]} Qg4 {[%emt 0:00:36]} 23. Qxg4 {[%emt 0:00:17]} hxg4 {[%emt 0:00:05]} 24. Raf1 {[%emt 0:00:04]} Rh7 {[%emt 0:00:08]} 25. a5 {[%emt 0:01:12]} bxa5 {[%emt 0:00:18]} 26. R1f5 {[%emt 0:01:56]} 1-0

[Event "Kragero Resort A 2020"]
[Site "Kragero"]
[Date "2020.02.21"]
[Round "5.9"]
[White "Alinasab, Mobina"]
[Black "Haug, Johannes"]
[Result "1/2-1/2"]
[WhiteElo "2333"]
[BlackElo "2426"]
[Annotator "ChessBase"]
[PlyCount "74"]
[EventDate "2020.02.19"]
[EventType "swiss"]
[EventCountry "NOR"]
[SourceTitle "playchess.com"]
[Source "ChessBase"]
[SourceQuality "1"]
[TimeControl "5400+30"]

1. e4 {[%emt 0:00:00]} e5 {[%emt 0:00:00]} 2. Nf3 {[%emt 0:00:00]} Nc6 {[%emt 0:00:00]} 3. Bb5 {[%emt 0:00:00]} a6 {[%emt 0:00:00]} 4. Ba4 {[%emt 0:00:00]} d6 {[%emt 0:00:30]} 5. O-O {[%emt 0:00:33]} Bd7 {[%emt 0:00:14]} 6. c3 {[%emt 0:01:33]} g6 {[%emt 0:00:13]} 7. d4 {[%emt 0:00:06]} Bg7 {[%emt 0:00:39]} 8. dxe5 {[%emt 0:05:13]} Nxe5 {[%emt 0:00:55]} 9. Nxe5 {[%emt 0:00:59]} dxe5 {[%emt 0:00:24]} 10. Bxd7+ {[%emt 0:09:02]} Qxd7 {[%emt 0:00:36]} 11. Qxd7+ {[%emt 0:00:19]} Kxd7 {[%emt 0:00:04]} 12. Be3 {[%emt 0:00:27]} Bh6 {[%emt 0:08:42]} 13. Rd1+ {[%emt 0:04:53]} Ke6 {[%emt 0:00:42]} 14. Bxh6 {[%emt 0:10:04]} Nxh6 {[%emt 0:00:12]} 15. Nd2 {[%emt 0:00:12]} f5 {[%emt 0:10:34]} 16. Re1 {[%emt 0:09:06]} f4 {[%emt 0:09:30]} 17. Rad1 {[%emt 0:06:48]} Rhd8 {[%emt 0:03:53]} 18. f3 {[%emt 0:00:45]} Nf7 {[%emt 0:01:50]} 19. Nc4 {[%emt 0:04:59]} b6 {[%emt 0:01:45]} 20. Kf2 {[%emt 0:01:17]} g5 {[%emt 0:00:25]} 21. h3 {[%emt 0:02:37]} h5 {[%emt 0:00:59]} 22. Ke2 {[%emt 0:00:52]} Rg8 {[%emt 0:08:34]} 23. Rh1 {[%emt 0:02:18]} Rg6 {[%emt 0:04:47]} 24. Kf2 {[%emt 0:03:46]} Rag8 {[%emt 0:01:40]} 25. g4 {[%emt 0:10:53]} Rh6 {[%emt 0:07:07]} 26. gxh5 {[%emt 0:06:08]} Rxh5 {[%emt 0:00:34]} 27. Kg2 {[%emt 0:00:13]} Nd6 {[%emt 0:11:52]} 28. Nxd6 {[%emt 0:00:54]} cxd6 {[%emt 0:00:01]} 29. Rd5 {[%emt 0:00:44]} Ke7 {[%emt 0:00:22]} 30. a4 {[%emt 0:03:50]} Rc8 {[%emt 0:01:10]} 31. Rhd1 {[%emt 0:01:41]} Rh6 {[%emt 0:00:17]} 32. R5d3 {[%emt 0:00:29]} Rch8 {[%emt 0:06:38]} 33. Rh1 {[%emt 0:00:06]} Rc8 {[%emt 0:01:16]} 34. Rhd1 {[%emt 0:00:05]} Rc6 {[%emt 0:02:15]} 35. b3 {[%emt 0:00:29]} Rh8 {[%emt 0:07:14]} 36. c4 {[%emt 0:00:18]} Rb8 {[%emt 0:00:04]} 37. Rd5 {[%emt 0:01:11]} Rh8 {[%emt 0:01:22]} 1/2-1/2

[Event "Kragero Resort A 2020"]
[Site "Kragero"]
[Date "2020.02.21"]
[Round "5.10"]
[White "Seo, Jung Min"]
[Black "Altarbosh, Ward"]
[Result "1-0"]
[WhiteElo "2424"]
[BlackElo "2149"]
[Annotator "NA"]
[PlyCount "85"]
[EventDate "2020.02.19"]
[EventType "swiss"]
[EventCountry "NOR"]
[SourceTitle "playchess.com"]
[Source "ChessBase"]
[SourceQuality "1"]
[TimeControl "5400+30"]

1. c4 {[%emt 0:00:00]} Nf6 {[%emt 0:00:00]} 2. Nc3 {[%emt 0:00:00]} e5 {[%emt 0:00:26]} 3. Nf3 {[%emt 0:00:19]} Nc6 {[%emt 0:00:05]} 4. g3 {[%emt 0:01:15]} Bc5 {[%emt 0:00:41]} 5. Bg2 {[%emt 0:01:29]} d6 {[%emt 0:00:32]} 6. O-O {[%emt 0:01:21]} Bf5 {[%emt 0:00:59]} 7. d3 {[%emt 0:02:10]} O-O {[%emt 0:02:00]} 8. Na4 {[%emt 0:13:51]} Bb6 {[%emt 0:01:35]} 9. Nxb6 {[%emt 0:03:25]} axb6 {[%emt 0:00:01]} 10. h3 {[%emt 0:01:50] [#] A29: English Opening: Four Knights Variation with 4 g3.} Qe7 $146 {[%emt 0:00:11]} ({Predecessor:} 10... Qd7 11. Kh2 h6 {½-½ (11) Hunacek,J (1785)-Nespurek,P (1389) Czechia 2009}) 11. e4 {[%emt 0:02:10]} Bd7 {[%emt 0:00:14]} 12. Be3 {[%emt 0:05:40]} Nd8 {[%emt 0:01:29]} 13. Nh4 {[%emt 0:01:05]} b5 {[%emt 0:00:18]} 14. cxb5 {[%emt 0:02:58]} Bxb5 {[%emt 0:00:05]} 15. Nf5 {[%emt 0:00:21]} Qe6 {[%emt 0:01:29]} 16. a4 {[%emt 0:01:13]} Bd7 {[%emt 0:00:22]} 17. g4 {[%emt 0:04:37]} Kh8 {[%emt 0:02:47]} 18. b4 {[%emt 0:06:14]} Ng8 {[%emt 0:00:07]} 19. Qc2 {[%emt 0:00:57]} g6 {[%emt 0:01:06]} 20. Ng3 {[%emt 0:00:19]} f6 {[%emt 0:00:51]} 21. d4 {[%emt 0:05:24]} Qe8 {[%emt 0:06:42]} 22. a5 {[%emt 0:10:15]} Bb5 {[%emt 0:04:56]} 23. Rfd1 {[%emt 0:00:35]} ({But not} 23. Qxc7 $6 Bxf1 24. Rxf1 (24. Nxf1 Qc6 $11) (24. Bxf1 exd4 25. Bxd4 Ne6 $11) 24... exd4 $11) 23... exd4 {[%emt 0:01:33]} 24. Bxd4 {[%emt 0:00:01]} ({Don't play} 24. Rxd4 $6 Nc6 $14) 24... Ne6 {[%emt 0:00:28]} 25. Be3 {[%emt 0:00:49]} Ne7 {[%emt 0:00:01]} 26. f4 {[%emt 0:00:48]} Nc6 {[%emt 0:00:11]} 27. Qc3 {[%emt 0:00:24]} Kg8 {[%emt 0:01:47]} 28. Rd5 {[%emt 0:02:09]} Ncd8 {[%emt 0:05:14]} 29. f5 {[%emt 0:00:57]} Ng5 {[%emt 0:01:12]} 30. Bxg5 $18 {[%emt 0:03:33]} fxg5 {[%emt 0:00:41]} 31. e5 {[%emt 0:00:05]} Nf7 {[%emt 0:20:18]} 32. Re1 {[%emt 0:02:32]} Qc6 {[%emt 0:30:54]} 33. Rc5 {[%emt 0:00:39]} Qa6 {[%emt 0:00:02]} 34. Rxc7 {[%emt 0:01:30]} dxe5 {[%emt 0:03:04]} 35. Bxb7 {[%emt 0:00:29]} Qa7+ 36. Qc5 {[%emt 0:00:17]} Qxc5+ {[%emt 0:00:30]} 37. Rxc5 {[%emt 0:00:14]} Rad8 {[%emt 0:00:18]} 38. Rxb5 {[%emt 0:00:07]} Rd3 {[%emt 0:00:01]} 39. Kg2 {[%emt 0:00:10]} Nd6 {[%emt 0:00:04]} 40. Rd5 {[%emt 0:00:10]} Rxg3+ {[%emt 0:00:09]} 41. Kxg3 {[%emt 0:00:01]} Nxb7 {[%emt 0:00:01]} 42. a6 {[%emt 0:00:22]} Nd8 {[%emt 0:00:08]} 43. b5 {[%emt 0:00:05]} 1-0